| 000 | 00817nam a2200253 4500 | ||
|---|---|---|---|
| 003 | OSt | ||
| 005 | 20260530113847.0 | ||
| 008 | 260421b1979 sp |||| |||| 00| 0 spa d | ||
| 020 | _a8425209013 | ||
| 040 |
_aICI _bspa _cICI |
||
| 050 |
_aHC110.T4 _bR673 |
||
| 100 | 1 |
_aRosenberg, Nathan, _d1927-2015, _930829 |
|
| 245 | 1 | 0 |
_aTecnologia y economia / _cNathan rosenberg ; version castellana de Esther labarta |
| 264 | 1 |
_bGustavo Gili, _c1979 _aBarcelona : |
|
| 300 |
_a422 páginas _c20 cm |
||
| 336 |
_atexto _2rdacontent |
||
| 337 |
_asin medio _2rdamedia |
||
| 338 |
_avolumen _2rdacarrier |
||
| 490 | 0 | _aColección Tecnología y sociedad | |
| 650 | 0 |
_aDesarrollo económico _914795 |
|
| 650 | 0 |
_aDifusión de innovaciones _930830 |
|
| 650 | 0 |
_aInnovaciones tecnológicas _zEstados Unidos _930831 |
|
| 942 |
_2lcc _cBK |
||
| 999 |
_c11326 _d11326 |
||